000 01268cam a2200349 i 4500
003 EG-GICUC
005 20260224112241.0
008 090306s2009 nyu frb 001 0 eng d
020 _a9781599413402
_qalk. paper
040 _aDLC
_cDLC
_beng
_dEG-GiCUC
_erda
050 0 0 _aKZ6374
_b.O226 2009
082 0 4 _221
_a341
092 0 4 _221
099 _aLaw 11 2009
100 1 _aO'Connell, Mary Ellen,
_d1958-
245 1 0 _aInternational law and the use of force :
_bcases and materials /
_cby Mary Ellen O'Connell.
250 _a2nd edition.
264 _aNew York :
_bFoundation Press ;
_a[St. Paul, Minn.] :
_bThomson/West,
_c2009.
300 _axxv, 758 pages ;
_c27 cm.
336 _atext
_2rdacontent
337 _aComputer
_2rdamedia
338 _aOnline Resource
_2rdacarrier
440 0 _aUniversity casebook series
500 _aAccompanied by: Documentary supplement (vii, 887 p., 26 cm.).
500 _aAccompanied by: Revised notes for teachers (245 p.), 2011.
504 _aIncludes bibliographical references and index.
650 0 _aIntervention (International law)
_vCases.
650 0 _aAggression (International law)
_vCases.
856 4 0 _uhttps://fll.law.cu.edu.eg/fulltext/bks/ENGB11-00128.pdf
905 _a10
942 _2ddc
_cBK
_e21
_n0
999 _c57060
_d57060